Gym Quiz - Statistics

General Stats
  • This quiz has been taken 294 times
  • The average score is 6 of 11
Answer Stats
Hint Answer % Correct
The most studied, effective supplement Creatine
91%
How many heads are there in the tricep Three (long, lateral, medial)
90%
The best starting fitness exercise at home Push up
74%
Training split that almost everybody runs Push Pull Legs
72%
The strongest steroid Tren
60%
Average rep range for building muscle 8-12
56%
The king of shoulder exercises Lateral raises
36%
Who invented the Quad Stomp pose Jay Cutler
31%
The most important factor for fat loss Caloric deficit
29%
What is 20+15+10 110
28%
Biggest muscle in the quadriceps Rectus Femoris
8%
No matching quizzes found
Score Distribution
Percent of People with Each Score
Percentile by Number Answered
Your Score History
You have not taken this quiz